Lepidoptera genetics / (Record no. 11532)
[ view plain ]
| 000 -LEADER | |
|---|---|
| fixed length control field | 00943cam a2200301 4500 |
| 001 - CONTROL NUMBER | |
| control field | 11532 |
| 003 - CONTROL NUMBER IDENTIFIER | |
| rucl marc code | BD-RjUL |
| 005 - DATE AND TIME OF LATEST TRANSACTION | |
| control field | 20211208235136.0 |
| 008 - FIXED-LENGTH DATA ELEMENTS--GENERAL INFORMATION | |
| fixed length control field | 701201s1971 enkab b 001 0 eng |
| 035 ## - SYSTEM CONTROL NUMBER | |
| System control number | (BD-RjUL)11581 |
| 040 ## - CATALOGING SOURCE | |
| Original cataloging agency | DLC |
| Transcribing agency | DLC |
| Modifying agency | BD-RjUL |
| Language of cataloging | eng |
| 041 ## - LANGUAGE CODE | |
| Language code of text/sound track or separate title | eng |
| 082 00 - DEWEY DECIMAL CLASSIFICATION NUMBER | |
| Classification number | 595.78 |
| Author mark and year | ROL 1971 |
| 100 1# - MAIN ENTRY--PERSONAL NAME | |
| Personal name | Robinson, Roy. |
| 9 (RLIN) | 35677 |
| 245 10 - TITLE STATEMENT | |
| Title | Lepidoptera genetics / |
| 250 ## - EDITION STATEMENT | |
| Edition statement | [1st ed.] |
| 260 ## - PUBLICATION, DISTRIBUTION, ETC. (IMPRINT) | |
| Place of publication, distribution, etc. | Oxford, |
| -- | New York, |
| Name of publisher, distributor, etc. | Pergamon Press. |
| Date of publication, distribution, etc. | c1971. |
| 300 ## - PHYSICAL DESCRIPTION | |
| Pagination | ix, 687 p. : |
| Illustrations | illus., maps. ; |
| Size | 26 cm. |
| 490 1# - SERIES STATEMENT | |
| Series statement | International series of monographs in pure and applied biology. Division: Zoology, |
| Volume/sequential designation | v. 46 |
| 504 ## - BIBLIOGRAPHY, ETC. NOTE | |
| Bibliography, etc | Bibliography: p. 599-658. |
| 650 #0 - SUBJECT ADDED ENTRY--TOPICAL TERM | |
| Topical term or geographic name as entry element | Lepidoptera. |
| 9 (RLIN) | 35678 |
| Topical term or geographic name as entry element | Insects |
| General subdivision | Genetics. |
| 9 (RLIN) | 35679 |
| 830 #0 - SERIES ADDED ENTRY--UNIFORM TITLE | |
| Volume number/sequential designation | v. 46. |
| Uniform title | International series of monographs on pure and applied biology. |
| 942 ## - ADDED ENTRY ELEMENTS (KOHA) | |
| Source of classification or shelving scheme | Dewey Decimal Classification |
| Koha item type | Books |
| Lost status | Source of classification or shelving scheme | Damaged status | Not for loan | Collection code | Permanent Location | Current Location | Shelving location | Date acquired | Source of acquisition | Cost, normal purchase price | Total Checkouts | Full call number | Date last seen | Copy number | Koha item type |
|---|---|---|---|---|---|---|---|---|---|---|---|---|---|---|---|
| Dewey Decimal Classification | Not For Loan | Non-fiction | Central Library, University of Rajshahi | Central Library, University of Rajshahi | Reading Room | 27/07/1979 | Heffers | 17.50 | 595.78 ROL 1971 | 27/01/2014 | C-1 | Books |